<?xml version="1.0" encoding="UTF-8"?>
<collection xmlns="http://www.loc.gov/MARC21/slim">
 <record>
  <leader>08455cam a2201189   4500</leader>
  <controlfield tag="001">523255446</controlfield>
  <controlfield tag="003">DE-627</controlfield>
  <controlfield tag="005">20250108105620.0</controlfield>
  <controlfield tag="007">tu</controlfield>
  <controlfield tag="008">070124s2008    gw ||||| rm   00| ||ger c</controlfield>
  <datafield tag="010" ind1=" " ind2=" ">
   <subfield code="a">  2008459313</subfield>
  </datafield>
  <datafield tag="015" ind1=" " ind2=" ">
   <subfield code="a">07,N06,1316</subfield>
   <subfield code="2">dnb</subfield>
  </datafield>
  <datafield tag="016" ind1="7" ind2=" ">
   <subfield code="a">982564775</subfield>
   <subfield code="2">DE-101</subfield>
  </datafield>
  <datafield tag="020" ind1=" " ind2=" ">
   <subfield code="a">3786125481</subfield>
   <subfield code="c">Ln. : EUR 89.00, ca. sfr 139.00</subfield>
   <subfield code="9">3-7861-2548-1</subfield>
  </datafield>
  <datafield tag="020" ind1=" " ind2=" ">
   <subfield code="a">9783786125488</subfield>
   <subfield code="c"> : Ln. : EUR 89.00, ca. sfr 139.00</subfield>
   <subfield code="9">978-3-7861-2548-8</subfield>
  </datafield>
  <datafield tag="024" ind1="3" ind2=" ">
   <subfield code="a">9783786125488</subfield>
  </datafield>
  <datafield tag="035" ind1=" " ind2=" ">
   <subfield code="a">(DE-627)523255446</subfield>
  </datafield>
  <datafield tag="035" ind1=" " ind2=" ">
   <subfield code="a">(DE-576)260631418</subfield>
  </datafield>
  <datafield tag="035" ind1=" " ind2=" ">
   <subfield code="a">(DE-599)DNB982564775</subfield>
  </datafield>
  <datafield tag="035" ind1=" " ind2=" ">
   <subfield code="a">(OCoLC)255696646</subfield>
  </datafield>
  <datafield tag="035" ind1=" " ind2=" ">
   <subfield code="a">(OCoLC)232123590</subfield>
  </datafield>
  <datafield tag="035" ind1=" " ind2=" ">
   <subfield code="a">(OCoLC)881717171</subfield>
  </datafield>
  <datafield tag="035" ind1=" " ind2=" ">
   <subfield code="a">(DE-604)BV022361646</subfield>
  </datafield>
  <datafield tag="040" ind1=" " ind2=" ">
   <subfield code="a">DE-627</subfield>
   <subfield code="b">ger</subfield>
   <subfield code="c">DE-627</subfield>
   <subfield code="e">rakwb</subfield>
  </datafield>
  <datafield tag="041" ind1=" " ind2=" ">
   <subfield code="a">ger</subfield>
  </datafield>
  <datafield tag="044" ind1=" " ind2=" ">
   <subfield code="c">XA-DE-BE</subfield>
  </datafield>
  <datafield tag="050" ind1=" " ind2="0">
   <subfield code="a">N6921.V5</subfield>
  </datafield>
  <datafield tag="082" ind1="0" ind2=" ">
   <subfield code="a">709.4531</subfield>
   <subfield code="q">BSZ</subfield>
  </datafield>
  <datafield tag="082" ind1="0" ind2="4">
   <subfield code="a">700</subfield>
  </datafield>
  <datafield tag="084" ind1=" " ind2=" ">
   <subfield code="a">9,10</subfield>
   <subfield code="2">ssgn</subfield>
  </datafield>
  <datafield tag="084" ind1=" " ind2=" ">
   <subfield code="a">LH 39350</subfield>
   <subfield code="2">rvk</subfield>
   <subfield code="0">(DE-625)rvk/93332:</subfield>
  </datafield>
  <datafield tag="084" ind1=" " ind2=" ">
   <subfield code="a">LH 62800</subfield>
   <subfield code="2">rvk</subfield>
   <subfield code="0">(DE-625)rvk/94265:</subfield>
  </datafield>
  <datafield tag="084" ind1=" " ind2=" ">
   <subfield code="a">LN 75811</subfield>
   <subfield code="2">rvk</subfield>
   <subfield code="0">(DE-625)rvk/102166:13312</subfield>
  </datafield>
  <datafield tag="084" ind1=" " ind2=" ">
   <subfield code="a">NR 8783</subfield>
   <subfield code="2">rvk</subfield>
   <subfield code="0">(DE-625)rvk/130175:</subfield>
  </datafield>
  <datafield tag="084" ind1=" " ind2=" ">
   <subfield code="a">LN 84554</subfield>
   <subfield code="q">BVB</subfield>
   <subfield code="2">rvk</subfield>
   <subfield code="0">(DE-625)rvk/102416:6</subfield>
  </datafield>
  <datafield tag="084" ind1=" " ind2=" ">
   <subfield code="a">LN 75806</subfield>
   <subfield code="q">BVB</subfield>
   <subfield code="2">rvk</subfield>
   <subfield code="0">(DE-625)rvk/102166:13306</subfield>
  </datafield>
  <datafield tag="084" ind1=" " ind2=" ">
   <subfield code="a">LN 10250</subfield>
   <subfield code="q">BVB</subfield>
   <subfield code="2">rvk</subfield>
   <subfield code="0">(DE-625)rvk/101870:</subfield>
  </datafield>
  <datafield tag="084" ind1=" " ind2=" ">
   <subfield code="a">LN 75807</subfield>
   <subfield code="2">rvk</subfield>
   <subfield code="0">(DE-625)rvk/102166:13308</subfield>
  </datafield>
  <datafield tag="084" ind1=" " ind2=" ">
   <subfield code="a">20.31</subfield>
   <subfield code="2">bkl</subfield>
  </datafield>
  <datafield tag="084" ind1=" " ind2=" ">
   <subfield code="a">20.70</subfield>
   <subfield code="2">bkl</subfield>
  </datafield>
  <datafield tag="090" ind1=" " ind2=" ">
   <subfield code="a">a</subfield>
  </datafield>
  <datafield tag="100" ind1="1" ind2=" ">
   <subfield code="a">Köster, Gabriele</subfield>
   <subfield code="d">1964-</subfield>
   <subfield code="0">(DE-588)133268802</subfield>
   <subfield code="0">(DE-627)568996178</subfield>
   <subfield code="0">(DE-576)260631205</subfield>
   <subfield code="4">aut</subfield>
  </datafield>
  <datafield tag="245" ind1="1" ind2="0">
   <subfield code="a">Künstler und ihre Brüder</subfield>
   <subfield code="b">Maler, Bildhauer und Architekten in den venezianischen Scuole Grandi (bis ca. 1600)</subfield>
   <subfield code="c">Gabriele Köster</subfield>
  </datafield>
  <datafield tag="264" ind1=" " ind2="1">
   <subfield code="a">Berlin</subfield>
   <subfield code="b">Mann</subfield>
   <subfield code="c">c 2008</subfield>
  </datafield>
  <datafield tag="300" ind1=" " ind2=" ">
   <subfield code="a">641 S.</subfield>
   <subfield code="b">Ill.</subfield>
  </datafield>
  <datafield tag="336" ind1=" " ind2=" ">
   <subfield code="a">Text</subfield>
   <subfield code="b">txt</subfield>
   <subfield code="2">rdacontent</subfield>
  </datafield>
  <datafield tag="337" ind1=" " ind2=" ">
   <subfield code="a">ohne Hilfsmittel zu benutzen</subfield>
   <subfield code="b">n</subfield>
   <subfield code="2">rdamedia</subfield>
  </datafield>
  <datafield tag="338" ind1=" " ind2=" ">
   <subfield code="a">Band</subfield>
   <subfield code="b">nc</subfield>
   <subfield code="2">rdacarrier</subfield>
  </datafield>
  <datafield tag="490" ind1="1" ind2=" ">
   <subfield code="a">Berliner Schriften zur Kunst</subfield>
   <subfield code="v">22</subfield>
  </datafield>
  <datafield tag="500" ind1=" " ind2=" ">
   <subfield code="a">Literaturverz. S. 589 - 628</subfield>
  </datafield>
  <datafield tag="502" ind1=" " ind2=" ">
   <subfield code="a">Teilw. zugl.: Berlin, Freie Univ., Diss., 2003</subfield>
  </datafield>
  <datafield tag="505" ind1="8" ind2="0">
   <subfield code="a">Literaturverz. S. 589 - 628</subfield>
  </datafield>
  <datafield tag="520" ind1=" " ind2=" ">
   <subfield code="a">Klappentext: Wie lebten Künstler in Venedig im späten Mittelalter und in der frühen Neuzeit? Eine Möglichkeit, sich dieser sozialgeschichtlichen Frage anzunähern, bietet die Untersuchung der Mitgliedschaft von Künstlern in den Scuole grandi. Diese besonders prestigeträchtigen religiösen Laienbruderschaften weisen eine sozial und beruflich heterogene Mitgliederstruktur auf und spiegeln somit das komplexe städtische Gesellschaftsgefüge Venedigs wider. Die vorliegende Untersuchung wirft ein neues Licht auf die soziale Stellung und Tätigkeit so namhafter Künstler wie Jacopo Bellini und seine Söhne, Tizian und Tintoretto sowie zahlreiche unbekannte Maler, Bildschnitzer, Bildhauer, Steinmetze, Architekten und Bauunternehmer. Berufliche und bruderschaftliche Tätigkeit greifen ineinander, weil die Scuole grandi auch als Auftraggeber prächtiger Bruderschaftsgebäude und Freskenzyklen in Erscheinung treten.</subfield>
  </datafield>
  <datafield tag="583" ind1="1" ind2=" ">
   <subfield code="a">Archivierung/Langzeitarchivierung gewährleistet</subfield>
   <subfield code="f">SSG</subfield>
   <subfield code="x">XA-DE-BW</subfield>
   <subfield code="2">pdager</subfield>
   <subfield code="5">DE-16</subfield>
  </datafield>
  <datafield tag="583" ind1="1" ind2=" ">
   <subfield code="a">Archivierung prüfen</subfield>
   <subfield code="c">20240324</subfield>
   <subfield code="f">DE-4165</subfield>
   <subfield code="z">2</subfield>
   <subfield code="2">pdager</subfield>
  </datafield>
  <datafield tag="650" ind1=" " ind2="0">
   <subfield code="a">Art, Italian</subfield>
   <subfield code="z">Italy</subfield>
   <subfield code="z">Venice</subfield>
  </datafield>
  <datafield tag="650" ind1=" " ind2="0">
   <subfield code="a">Art, Renaissance</subfield>
   <subfield code="z">Italy</subfield>
   <subfield code="z">Venice</subfield>
  </datafield>
  <datafield tag="650" ind1=" " ind2="0">
   <subfield code="a">Artists and architects</subfield>
   <subfield code="z">Italy</subfield>
   <subfield code="z">Venice</subfield>
   <subfield code="x">History</subfield>
  </datafield>
  <datafield tag="650" ind1=" " ind2="0">
   <subfield code="a">Confraternities</subfield>
   <subfield code="z">Italy</subfield>
   <subfield code="z">Venice</subfield>
   <subfield code="x">History</subfield>
  </datafield>
  <datafield tag="650" ind1=" " ind2="0">
   <subfield code="a">Art and society</subfield>
   <subfield code="z">Italy</subfield>
   <subfield code="z">Venice</subfield>
   <subfield code="x">History</subfield>
  </datafield>
  <datafield tag="655" ind1=" " ind2="7">
   <subfield code="a">Verzeichnis</subfield>
   <subfield code="0">(DE-588)4188171-0</subfield>
   <subfield code="0">(DE-627)105266639</subfield>
   <subfield code="0">(DE-576)210051078</subfield>
   <subfield code="2">gnd-content</subfield>
  </datafield>
  <datafield tag="655" ind1=" " ind2="7">
   <subfield code="a">Hochschulschrift</subfield>
   <subfield code="0">(DE-588)4113937-9</subfield>
   <subfield code="0">(DE-627)105825778</subfield>
   <subfield code="0">(DE-576)209480580</subfield>
   <subfield code="2">gnd-content</subfield>
  </datafield>
  <datafield tag="689" ind1="0" ind2="0">
   <subfield code="d">g</subfield>
   <subfield code="0">(DE-588)4062501-1</subfield>
   <subfield code="0">(DE-627)106131613</subfield>
   <subfield code="0">(DE-576)209144556</subfield>
   <subfield code="a">Venedig</subfield>
   <subfield code="2">gnd</subfield>
  </datafield>
  <datafield tag="689" ind1="0" ind2="1">
   <subfield code="d">s</subfield>
   <subfield code="0">(DE-588)4114333-4</subfield>
   <subfield code="0">(DE-627)105822957</subfield>
   <subfield code="0">(DE-576)209483733</subfield>
   <subfield code="a">Kunst</subfield>
   <subfield code="2">gnd</subfield>
  </datafield>
  <datafield tag="689" ind1="0" ind2="2">
   <subfield code="a">z</subfield>
   <subfield code="2">gnd</subfield>
   <subfield code="a">Sozialgeschichte 1200-1600</subfield>
  </datafield>
  <datafield tag="689" ind1="0" ind2=" ">
   <subfield code="5">DE-101</subfield>
  </datafield>
  <datafield tag="689" ind1="1" ind2="0">
   <subfield code="d">g</subfield>
   <subfield code="0">(DE-588)4062501-1</subfield>
   <subfield code="0">(DE-627)106131613</subfield>
   <subfield code="0">(DE-576)209144556</subfield>
   <subfield code="a">Venedig</subfield>
   <subfield code="2">gnd</subfield>
  </datafield>
  <datafield tag="689" ind1="1" ind2="1">
   <subfield code="d">s</subfield>
   <subfield code="0">(DE-588)4033423-5</subfield>
   <subfield code="0">(DE-627)106257307</subfield>
   <subfield code="0">(DE-576)209001941</subfield>
   <subfield code="a">Künstler</subfield>
   <subfield code="2">gnd</subfield>
  </datafield>
  <datafield tag="689" ind1="1" ind2="2">
   <subfield code="a">z</subfield>
   <subfield code="2">gnd</subfield>
   <subfield code="a">Geschichte 1200-1600</subfield>
  </datafield>
  <datafield tag="689" ind1="1" ind2=" ">
   <subfield code="5">DE-101</subfield>
  </datafield>
  <datafield tag="751" ind1=" " ind2=" ">
   <subfield code="a">Berlin</subfield>
   <subfield code="0">(DE-588)4005728-8</subfield>
   <subfield code="0">(DE-627)10482638X</subfield>
   <subfield code="0">(DE-576)208862560</subfield>
   <subfield code="4">uvp</subfield>
  </datafield>
  <datafield tag="787" ind1="0" ind2="8">
   <subfield code="i">Rezensiert in</subfield>
   <subfield code="a">Herzner-Kmentt, Irmlind Luise</subfield>
   <subfield code="t">[Rezension von: Gabriele Köster, Künstler und ihre Brüder]</subfield>
   <subfield code="d">2009</subfield>
   <subfield code="w">(DE-627)185406276X</subfield>
  </datafield>
  <datafield tag="787" ind1="0" ind2="8">
   <subfield code="i">Rezensiert in</subfield>
   <subfield code="a">Reineke, Brigitte</subfield>
   <subfield code="t">[Rezension von: Gabriele Köster, Künstler und ihre Brüder]</subfield>
   <subfield code="d">2009</subfield>
   <subfield code="w">(DE-627)1913792951</subfield>
  </datafield>
  <datafield tag="830" ind1=" " ind2="0">
   <subfield code="a">Berliner Schriften zur Kunst</subfield>
   <subfield code="v">22</subfield>
   <subfield code="9">22</subfield>
   <subfield code="w">(DE-627)372430317</subfield>
   <subfield code="w">(DE-576)026544733</subfield>
   <subfield code="w">(DE-600)2125001-7</subfield>
   <subfield code="x">1861-9460</subfield>
   <subfield code="7">ns</subfield>
  </datafield>
  <datafield tag="856" ind1="4" ind2="2">
   <subfield code="u">http://www.gbv.de/dms/weimar/toc/523255446_toc.pdf</subfield>
   <subfield code="m">V:DE-601</subfield>
   <subfield code="m">B:DE-Wim2</subfield>
   <subfield code="q">pdf/application</subfield>
   <subfield code="x">Verlag</subfield>
   <subfield code="y">Inhaltsverzeichnis</subfield>
   <subfield code="3">Inhaltsverzeichnis</subfield>
  </datafield>
  <datafield tag="856" ind1="4" ind2="2">
   <subfield code="u">http://www.h-net.org/reviews/showrev.php?id=24225</subfield>
   <subfield code="v">2016-07-13</subfield>
   <subfield code="x">Verlag</subfield>
   <subfield code="y">Book review (H-Net)</subfield>
  </datafield>
  <datafield tag="856" ind1="4" ind2="2">
   <subfield code="u">https://swbplus.bsz-bw.de/bsz260631418rez-1.htm</subfield>
   <subfield code="m">B:DE-576;DE-16</subfield>
   <subfield code="q">application/pdf</subfield>
   <subfield code="v">20101129104219</subfield>
   <subfield code="x">Verlag</subfield>
   <subfield code="3">Rezension</subfield>
  </datafield>
  <datafield tag="856" ind1="4" ind2="2">
   <subfield code="u">https://swbplus.bsz-bw.de/bsz260631418rez.htm</subfield>
   <subfield code="m">B:DE-576;DE-16</subfield>
   <subfield code="q">text/html</subfield>
   <subfield code="v">20090126104059</subfield>
   <subfield code="x">Verlag</subfield>
   <subfield code="3">Rezension</subfield>
  </datafield>
  <datafield tag="856" ind1="4" ind2="2">
   <subfield code="u">http://bvbr.bib-bvb.de:8991/F?func=service&amp;doc_library=BVB01&amp;doc_number=015570977&amp;line_number=0002&amp;func_code=DB_RECORDS&amp;service_type=MEDIA</subfield>
   <subfield code="m">V:DE-604</subfield>
   <subfield code="q">application/pdf</subfield>
   <subfield code="3">Klappentext</subfield>
  </datafield>
  <datafield tag="856" ind1="4" ind2="2">
   <subfield code="u">http://www.sehepunkte.de/2009/01/14772.html</subfield>
   <subfield code="m">V:DE-576;X:Sehepunkte</subfield>
   <subfield code="q">text/html</subfield>
   <subfield code="v">20180413093231</subfield>
   <subfield code="3">Rezension</subfield>
  </datafield>
  <datafield tag="856" ind1="4" ind2="2">
   <subfield code="u">https://www.hsozkult.de/publicationreview/id/rezbuecher-11757</subfield>
   <subfield code="m">V:DE-576;X:HSozKult</subfield>
   <subfield code="q">text/html</subfield>
   <subfield code="v">20180418171720</subfield>
   <subfield code="3">Rezension</subfield>
  </datafield>
  <datafield tag="935" ind1=" " ind2=" ">
   <subfield code="i">sf</subfield>
  </datafield>
  <datafield tag="935" ind1=" " ind2=" ">
   <subfield code="i">Blocktest</subfield>
  </datafield>
  <datafield tag="936" ind1="r" ind2="v">
   <subfield code="a">LH 39350</subfield>
   <subfield code="b">Venedig</subfield>
   <subfield code="k">Kunstgeschichte</subfield>
   <subfield code="k">Allgemeines. Allgemeine Kunstgeschichte</subfield>
   <subfield code="k">Museumskunde. Museumskataloge</subfield>
   <subfield code="k">Kataloge einzelner Museen; Schrifttum über einzelne Museen</subfield>
   <subfield code="k">Orte V</subfield>
   <subfield code="k">Venedig</subfield>
   <subfield code="0">(DE-627)1270900951</subfield>
   <subfield code="0">(DE-625)rvk/93332:</subfield>
   <subfield code="0">(DE-576)200900951</subfield>
  </datafield>
  <datafield tag="936" ind1="r" ind2="v">
   <subfield code="a">LH 62800</subfield>
   <subfield code="b">Venedig</subfield>
   <subfield code="k">Kunstgeschichte</subfield>
   <subfield code="k">Allgemeines. Allgemeine Kunstgeschichte</subfield>
   <subfield code="k">Geschichte der Kunstwissenschaft</subfield>
   <subfield code="k">Schriften über Institute, Akademien, Vereine</subfield>
   <subfield code="k">Venedig</subfield>
   <subfield code="0">(DE-627)1270700103</subfield>
   <subfield code="0">(DE-625)rvk/94265:</subfield>
   <subfield code="0">(DE-576)200700103</subfield>
  </datafield>
  <datafield tag="936" ind1="r" ind2="v">
   <subfield code="a">LN 75811</subfield>
   <subfield code="b">Sonstiges</subfield>
   <subfield code="k">Kunstgeschichte</subfield>
   <subfield code="k">Kunst nach Ländern bzw. Kontinenten</subfield>
   <subfield code="k">Italien</subfield>
   <subfield code="k">Kunsttopografie Italiens</subfield>
   <subfield code="k">Alphabetische Liste der italienischen Orte</subfield>
   <subfield code="k">Orte V</subfield>
   <subfield code="k">Venedig</subfield>
   <subfield code="k">Kunstgeschichte</subfield>
   <subfield code="k">Sonstiges</subfield>
   <subfield code="0">(DE-627)1271720361</subfield>
   <subfield code="0">(DE-625)rvk/102166:13312</subfield>
   <subfield code="0">(DE-576)201720361</subfield>
  </datafield>
  <datafield tag="936" ind1="r" ind2="v">
   <subfield code="a">NR 8783</subfield>
   <subfield code="b">Venedig</subfield>
   <subfield code="k">Geschichte</subfield>
   <subfield code="k">Landes- und Stadtgeschichte (Allgemeine, Deutsche und Österreichische Landes- und Stadtgeschichte, Ausländische Stadtgeschichte, Geschichte der Auslanddeutschen)</subfield>
   <subfield code="k">Geschichte ausländischer Städte</subfield>
   <subfield code="k">Europäische Städte</subfield>
   <subfield code="k">Städte V</subfield>
   <subfield code="k">Venedig</subfield>
   <subfield code="0">(DE-627)1270918125</subfield>
   <subfield code="0">(DE-625)rvk/130175:</subfield>
   <subfield code="0">(DE-576)200918125</subfield>
  </datafield>
  <datafield tag="936" ind1="r" ind2="v">
   <subfield code="a">LN 84554</subfield>
   <subfield code="b">Renaissance, Manierismus</subfield>
   <subfield code="k">Kunstgeschichte</subfield>
   <subfield code="k">Kunst nach Ländern bzw. Kontinenten</subfield>
   <subfield code="k">Italien</subfield>
   <subfield code="k">Italienische Kunstgeschichte nach Gattungen</subfield>
   <subfield code="k">Malerei</subfield>
   <subfield code="k">Italienische Malerei nach Zentren und Schulen</subfield>
   <subfield code="k">Venedig</subfield>
   <subfield code="k">Renaissance, Manierismus</subfield>
   <subfield code="0">(DE-627)1270651005</subfield>
   <subfield code="0">(DE-625)rvk/102416:6</subfield>
   <subfield code="0">(DE-576)200651005</subfield>
  </datafield>
  <datafield tag="936" ind1="r" ind2="v">
   <subfield code="a">LN 75806</subfield>
   <subfield code="b">Kunstführer, Bildbände Kunst; Kunsttopografie</subfield>
   <subfield code="k">Kunstgeschichte</subfield>
   <subfield code="k">Kunst nach Ländern bzw. Kontinenten</subfield>
   <subfield code="k">Italien</subfield>
   <subfield code="k">Kunsttopografie Italiens</subfield>
   <subfield code="k">Alphabetische Liste der italienischen Orte</subfield>
   <subfield code="k">Orte V</subfield>
   <subfield code="k">Venedig</subfield>
   <subfield code="k">Kunstführer, Bildbände Kunst; Kunsttopografie</subfield>
   <subfield code="0">(DE-627)1270651633</subfield>
   <subfield code="0">(DE-625)rvk/102166:13306</subfield>
   <subfield code="0">(DE-576)200651633</subfield>
  </datafield>
  <datafield tag="936" ind1="r" ind2="v">
   <subfield code="a">LN 10250</subfield>
   <subfield code="b">Hochrenaissance (und Renaissance allgemein)</subfield>
   <subfield code="k">Kunstgeschichte</subfield>
   <subfield code="k">Kunst nach Ländern bzw. Kontinenten</subfield>
   <subfield code="k">Italien</subfield>
   <subfield code="k">Italienische Kunstgeschichte einzelner Epochen</subfield>
   <subfield code="k">Hochrenaissance (und Renaissance allgemein)</subfield>
   <subfield code="0">(DE-627)1270637770</subfield>
   <subfield code="0">(DE-625)rvk/101870:</subfield>
   <subfield code="0">(DE-576)200637770</subfield>
  </datafield>
  <datafield tag="936" ind1="r" ind2="v">
   <subfield code="a">LN 75807</subfield>
   <subfield code="b">Kunstgeschichte allgemein</subfield>
   <subfield code="k">Kunstgeschichte</subfield>
   <subfield code="k">Kunst nach Ländern bzw. Kontinenten</subfield>
   <subfield code="k">Italien</subfield>
   <subfield code="k">Kunsttopografie Italiens</subfield>
   <subfield code="k">Alphabetische Liste der italienischen Orte</subfield>
   <subfield code="k">Orte V</subfield>
   <subfield code="k">Venedig</subfield>
   <subfield code="k">Kunstgeschichte</subfield>
   <subfield code="k">Kunstgeschichte allgemein</subfield>
   <subfield code="0">(DE-627)1270652664</subfield>
   <subfield code="0">(DE-625)rvk/102166:13308</subfield>
   <subfield code="0">(DE-576)200652664</subfield>
  </datafield>
  <datafield tag="936" ind1="b" ind2="k">
   <subfield code="a">20.31</subfield>
   <subfield code="j">Bildende Künstler</subfield>
   <subfield code="0">(DE-627)181571080</subfield>
  </datafield>
  <datafield tag="936" ind1="b" ind2="k">
   <subfield code="a">20.70</subfield>
   <subfield code="j">Europäische Kunst: Allgemeines</subfield>
   <subfield code="0">(DE-627)106406566</subfield>
  </datafield>
  <datafield tag="951" ind1=" " ind2=" ">
   <subfield code="a">BO</subfield>
  </datafield>
  <datafield tag="990" ind1=" " ind2=" ">
   <subfield code="a">Venedig</subfield>
  </datafield>
  <datafield tag="990" ind1=" " ind2=" ">
   <subfield code="a">Kunst</subfield>
  </datafield>
  <datafield tag="990" ind1=" " ind2=" ">
   <subfield code="a">Sozialgeschichte 1200-1600</subfield>
  </datafield>
  <datafield tag="990" ind1=" " ind2=" ">
   <subfield code="a">Venedig</subfield>
  </datafield>
  <datafield tag="990" ind1=" " ind2=" ">
   <subfield code="a">Künstler</subfield>
  </datafield>
  <datafield tag="990" ind1=" " ind2=" ">
   <subfield code="a">Geschichte 1200-1600</subfield>
  </datafield>
  <datafield tag="991" ind1=" " ind2=" ">
   <subfield code="a">Rezensiertes Werk</subfield>
  </datafield>
  <datafield tag="999" ind1=" " ind2=" ">
   <subfield code="a">KXP-PPN523255446</subfield>
   <subfield code="e">4396493495</subfield>
  </datafield>
 </record>
</collection>
